000 00889nam a22003137a 4500
003 CHAP
005 20220329135227.0
008 971013s1965 r 00010 d
010 _a32944
011 _a33916
035 _a38032
040 _cCHAP
082 _a160
_bL6
100 0 0 _aLorenzen, Paul.
_968534
245 _aFormal logic
260 _aDordrecht :
_bReidel,
_c1965
300 _a123 p.
490 _aSynthese library
590 _aBATCH-UPD
_b10
_c20130110
_lUCH01
_h0026
590 _aBATCH-UPD
_b10
_c20130110
_lUCH01
_h1420
590 _aBATCH-UPD
_b10
_c20130410
_lUCH01
_h0902
590 _aBATCH-UPD
_b10
_c20130914
_lUCH01
_h1730
590 _aCONVERSION
_b10
_c20130109
_lUCH01
_h1319
650 1 4 _aLógica.
_967611
830 0 _aSynthese library
_9111153
901 _aBK
942 _cLIBRO
949 _a160 L6
_bBC
_cLIBRO
_d33724000228607
_eLIBRO
_h15931
_i38032
_mD
_si
999 _c32944
_d32944